000
00291nam a2200097Ia 4500
008
171211s9999 xx 000 0 und d
245
_a
Raffaele Renna - Storia dell'arte dal realismo ai nostri giorni
260
_c
2014
650
_x
ART
856
_u
http://down.ebook777.com/061/8896354269.pdf
999
_c
348601
_d
348601